Kadının siyasetteki yerinin güçlendirilmesi konferansı (Kayıt no. 10431)
[ düz görünüm ]
| 000 -BAŞLIK | |
|---|---|
| Sabit Uzunlukta Kontrol Alanı | 00934na a2200253 4500 |
| 001 - KONTROL NUMARASI | |
| Denetim Alanı | 23862 |
| 003 - KONTROL NUMARASI IDENTIFIER | |
| Denetim Alanı | MIRAKIL |
| 005 - SON İŞLEM TARİHİ VE ZAMANI | |
| Denetim Alanı | 20181213155321.0 |
| 008 - SABİT-BOY VERİ ELEMANLARI - GENEL BİLGİLER | |
| Sabit Uzunlukta Kontrol Alanı | 180108b tu 000 0 |
| 020 ## - ULUSLARARASI STANDART KİTAP NUMARASI | |
| Uluslararası Standart Kitap Numarası | 9789944405294 |
| 040 ## - KATALOGLAMA KAYNAK | |
| Orijinal Kataloglama Ajansı | Milas |
| Kataloglama Dili | tur |
| Metne Dönüştürmek Ajansı | TR-AnCHP |
| 041 ## - DİL KODU | |
| Metin / Ses Parça Veya Ayrı Başlığın Dil Kodu | tur |
| 082 ## - DEWEY ONLU SINIFLANDIRMA NUMARASI | |
| Sınıflandırma Numarası | 305.4 |
| Ürün Numarası | K22 2008 |
| 090 ## - SINIFLAMA NUMARASI | |
| Sınıflama Numarası | 305.4 K22 2008 |
| 111 ## - ANA GİRİŞ - TOPLANTI ADI | |
| Giriş Elemanı Olarak Toplantı Adı Veya Yargı Alanı Adı | Kadının siyasetteki yerinin güçlendirilmesi konferansı |
| Toplantının Yeri | İstanbul |
| Toplantı Veya Antlaşma İmzalandığı Tarihi | 12 Haziran 2007 |
| 245 ## - BAŞLIK TABLOSU | |
| Başlık | Kadının siyasetteki yerinin güçlendirilmesi konferansı |
| Sorumluluk Tablosu, Vb | Türk Sanayicileri ve işadamları derneği (TÜSİAD) |
| 260 ## - YAYIN, DAĞITIM, VB | |
| Yayın, Dağıtım, Vb Yeri | İstanbul |
| Yayıncı, Dağıtıcı, Vs Adı | Türk Sanayicileri ve işadamları derneği (TÜSİAD) |
| Yayın, Dağıtım, Vb Tarihi | 2008 |
| 300 ## - FİZİKSEL TANIM | |
| Kapsam | 77 s. |
| Boyutlar | 27 sm. |
| 440 ## - SERİSİ TABLOSU / KATMA GİRİŞİ - BAŞLIK | |
| Başlık | TÜSİAD |
| Hacim / Ardışık Tanımı | yayın no: TÜSİAD-T/2008-04/456 |
| 650 ## - KONU KATMA GİRİŞ - TOPİKAL DÖNEM | |
| Topikal Süreli Veya Coğrafi Ad Giriş Elemanı | Kadın, Siyasette |
| Genel Alt Bölümü | Tarih |
| Kronolojik Alt Bölümü | Türkiye |
| 650 ## - KONU KATMA GİRİŞ - TOPİKAL DÖNEM | |
| Topikal Süreli Veya Coğrafi Ad Giriş Elemanı | Kadın ve siyaset |
| Genel Alt Bölümü | Toplantılar |
| 710 ## - KATMA GİRİŞ - KURUMSAL ADI | |
| Giriş Elemanı Olarak Kurumsal Ad Veya Yargı Alanı Adı | Türk Sanayicileri ve işadamları derneği (TÜSİAD) |
| 942 ## - EKLENDİ GİRİŞ ELEMANLARI (KOHA) | |
| Sınıflandırma Veya Raf Düzeni Kaynak | Dewey Decimal Classification |
| Koha Öğesi Türü | Kitaplar |
| 999 ## - SİSTEM KONTROL NUMARALARI (KOHA) | |
| Koha Biblionumber | 10431 |
| Koha Biblioitemnumber | 10431 |
| Kalıcı Konum | Mevcut Konum | Edinme Tarihi | Edinim Kaynak | Toplam Check-Out'Lar | Tam Çağrı Numarası | Barkod | Tarih Son Görülme | İtibaren Geçerli Fiyatlar | Koha Öğesi Türü |
|---|---|---|---|---|---|---|---|---|---|
| CHP Kütüphanesi | CHP Kütüphanesi | 01/08/2018 | Bağış | 305.4 K22 2008 | 017841 | 01/08/2018 | 01/08/2018 | Kitaplar |
